| 000 | 00748nac a22002171u 4500 | ||
|---|---|---|---|
| 008 | 090128t xxu||||| |||| 00| 0 eng d | ||
| 010 | _a2003064778 | ||
| 020 | _a0321247256 | ||
| 020 | _a0321269802 | ||
| 082 |
_a005.133 _bCAR _222 |
||
| 100 |
_aCarrano, Frank M. _914691 |
||
| 245 |
_aData abstraction and problem solving with C++ : _bwalls and mirrors / _cFrank M. Carrano. |
||
| 250 | _a4th ed. | ||
| 260 |
_aBoston : _bAddison Wesley, _c2005. |
||
| 300 |
_axxiv, 968 p. : _bill. ; _c26 cm. |
||
| 650 |
_aC++ (Computer program language) _914692 |
||
| 650 |
_aAbstract data types (Computer science) _914693 |
||
| 650 |
_aProblem solving _xData processing. _914694 |
||
| 700 |
_aPrichard, Janet J. _914695 |
||
| 942 |
_cBB _k005.133 CAR _2ddc |
||
| 999 |
_c501 _d501 |
||